000 00581nam a2200205 i 4500
001 88501
003 ES-MaACL
005 20250710062725.0
007 t|
008 050104s1958 fr ||||1| fre d
100 1 _aLalou, René.
_969741
245 1 0 _aHistoire de la poésie française /
_cpar René Lalou.
250 _a[5eme ed.].
260 _aParís :
_bPresses Universitaires de France,
_c1958.
300 _a126 p. ;
_c18 cm.
490 1 _aQue sais-je? ;
_v108
830 0 0 _aQue sais-je?
_v108
_9180931
852 _aES-MaACL
_jC-15594
_bR.43403
999 _c88501
_d88501